000 00637nam a2200169Ia 4500
008 090201s9999 xx 000 0 und d
010 _aKPL-20547
040 _bमराठी
041 _aमराठी
082 _a22769
_b20547
100 _aव कृ जोशी
245 _aहॅलो मी इन्स्पेक्टर प्रधान बोलतोय
_cव कृ जोशी
260 _c2004
_bप्रेस्टीज प्रकाशन
300 _a140
_bलहान
600 _aहॅलो मी इन्स्पेक्टर प्रधान बोलतोय
942 _cBOOK
999 _c222283
_d222283